Paesi più Grandi dei loro Vicini - Morte subita - Statistics

Statistiche generali
  • Questo quiz è stato fatto 61 volte
  • Il punteggio medio è 3 su 14
Answers on the Grid
Answers color-coded by a green-red scale on the quiz's grid according to % correct below.
Algeria
Brasile
Canada
Repubblica Democratica del Congo
Repubblica Dominicana
Indonesia
Iran
Nicaragua
Russia
Arabia Saudita
Sudafrica
Sudan
Svezia
Regno Unito
Stati Uniti
Cina
India
Argentina
Messico
Libia
Mongolia
Perù
Angola
Etiopia
Somalia
Haiti
Panama
Norvegia
Ucraina
Francia
 
Statistiche sulle risposte
Risposta % Corretto
Russia
53%
Brasile
47%
Arabia Saudita
32%
Canada
32%
Regno Unito
32%
Repubblica Democratica del Congo
29%
Indonesia
21%
Algeria
18%
Repubblica Dominicana
15%
Sudafrica
15%
Svezia
15%
Iran
12%
Sudan
9%
Nicaragua
6%
Nessun quiz corrispondente trovato
Distribuzione punteggi
Percentuale di utenti per punteggio
Percentile per numero di risposta
I tuoi punteggi nel tempo
Non hai fatto questo quiz